02038nam a2200241 a 450000100100000000500170001000800410002702000180006804000250008608200160011110000240012724501220015126000430027330000210031649000210033750000550035850510780041359000260149183000280151795201140154595201200165999900170177900004854920201002061231.0190329s2015 dr 000 m spa d a9789993480136 aDO-SdBNPbspacBNPHU axxxxbM524d1 aMella, Pablo95406610aDerecho, soberanía, educación e interculturalidad :breflexiones desde el contexto dominicano /cPablo Mella, SJ. aSanto Domingo :bCentro Bonó,c2015. a126 p. ;c23 cm.1 aDerechos Humanos aIncluye bibliografía al final de los capítulos0 aIntroducción --gEstudio 1tPerspectivas del derecho intercultural. Una reflexión filosófica --gAnexo del estudio 1tLa primera comunicación del gobierno dominicano (1ero. de marzo de 1844) --gEstudio 2tConfuciones soberanas. Una nota histórica de la nación de soberanía --gEstudio 3tSoberanía y orden postwestfaliano. Reflexiones normativas --gEstudio 4tLa sentencia 168-13 del Tribunal Constitucional Dominicano ante la doctrina social de la iglesia --gEstudio 5t¿Con qué derecho, con cuál justicia? El Tribunal Constitucional Dominicano y la Corte Interamericana de Derechos Humanos --tAnexo del estudio 5: Una reflexión de Ana María Belique al finalizar el año 2014 --gEstudio 6tÉtica y educación ciudadana intercultural --gEstudio 7tPara leer y escribir interculturalmente --gEstudio 8tRepública Dominicana "un pueblo café con leche". Los dilemas de la historiografía dominicana ante la diáspora africana --gEstudio 9tAmor y justicia. Comentario filosófico de la encíclica "Dios es amor" de Benedicto XVI--. aInventariado, 2019/LP 0aDerechos Humanos972126 0010718PDaPDbPDcHDd2019-03-29iLF1l0oxxxx M524dp48549-10r2020-06-25w2020-06-25yLFPDZNo se presta 0010718PDaPDbPDcHDd2019-03-29iLF1l0oxxxx M524dp48549-20r2020-06-25te. 2w2020-06-25yLFPDZNo se presta c48037d48037